Чемпионы «большой пятёрки» по футболу с 2000 года - Statistics

General Stats
  • This quiz has been taken 57 times
  • The average score is 25 of 31
Answer Stats
Лига Клуб % Correct
Премьер-лига Челси
100%
Ла Лига Реал Мадрид
100%
Ла Лига Барселона
100%
Премьер-лига Манчестер Сити
97%
Премьер-лига Манчестер Юнайтед
97%
Бундеслига Бавария
97%
Бундеслига Боруссия
97%
Лига 1 Пари Сен-Жермен
97%
Серия A Ювентус
97%
Серия A Милан
97%
Ла Лига Атлетико Мадрид
95%
Лига 1 Олимпик Лион
95%
Серия A Интернационале
95%
Премьер-лига Ливерпуль
92%
Премьер-лига Лестер Сити
92%
Премьер-лига Арсенал
92%
Лига 1 Олимпик Марсель
92%
Серия A Наполи
86%
Ла Лига Валенсия
81%
Серия A Лацио
81%
Лига 1 Монако
78%
Серия A Рома
78%
Лига 1 Лилль
76%
Бундеслига Байер 04
70%
Бундеслига Вольфсбург
62%
Лига 1 Бордо
54%
Бундеслига Вердер
51%
Ла Лига Депортиво Ла-Корунья
51%
Бундеслига Штутгарт
46%
Лига 1 Монпелье
41%
Лига 1 Нант
35%
No matching quizzes found
Score Distribution
Percent of People with Each Score
Percentile by Number Answered
Your Score History
You have not taken this quiz